[Event "Sautron op qual 17th"]
[Site "Sautron"]
[Date "2017.09.02"]
[Round "4.2"]
[White "Aubry, Yannis"]
[Black "Migot, Tangi"]
[Result "0-1"]
[WhiteElo "2190"]
[BlackElo "2360"]
[PlyCount "61"]
[EventDate "2017.10.22"]
[EventType "swiss"]
[EventRounds "9"]
[EventCountry "FRA"]
[SourceTitle "EXT 2020"]
[Source "ChessBase"]
[SourceDate "2019.10.17"]
[SourceVersion "1"]
[SourceVersionDate "2019.10.17"]
[SourceQuality "1"]

1. d4 Nf6 2. c4 d6 3. Nc3 Nbd7 4. e4 e5 5. Nge2 Be7 6. g3 0-0 7. Bg2 c6 8. 0-0 a6 9. d5 cxd5 10. cxd5 b5 11. a3 Nb6 12. h3 Bd7 13. f4 Ne8 14. b4 a5 15. Be3 Nc4 16. Bf2 g6 17. f5 Rb8 18. g4 Bh4 19. Ng3 Nxa3 20. bxa5 Qxa5 21. Nb1 b4 22. Qd2 Ra8 23. Kh2 Ng7 24. Nh5 Nxh5 25. Bxh4 Nf4 26. Rxf4 exf4 27. Qxf4 f6 28. fxg6 hxg6 29. Bxf6 Qc7 30. Qg5 Be8 31. Nd2 0-1

[Event "Sautron op qual 17th"]
[Site "Sautron"]
[Date "2017.09.01"]
[Round "3.5"]
[White "Smilga, Andrei"]
[Black "Aubry, Yannis"]
[Result "0-1"]
[WhiteElo "1981"]
[BlackElo "2190"]
[PlyCount "42"]
[EventDate "2017.10.22"]
[EventType "swiss"]
[EventRounds "9"]
[EventCountry "FRA"]
[SourceTitle "EXT 2020"]
[Source "ChessBase"]
[SourceDate "2019.10.17"]
[SourceVersion "1"]
[SourceVersionDate "2019.10.17"]
[SourceQuality "1"]

1. e4 c5 2. Nf3 e6 3. d4 cxd4 4. Nxd4 Nf6 5. Nc3 Nc6 6. Nxc6 bxc6 7. e5 Nd5 8. Ne4 Qc7 9. f4 Rb8 10. c4 Bb4+ 11. Ke2 0-0 12. a3 Be7 13. cxd5 cxd5 14. Nd6 Ba6+ 15. Kf3 f6 16. exf6 Bxf6 17. Bxa6 Qxd6 18. Qa4 Bxb2 19. Rb1 d4 20. g3 Qd5+ 21. Kg4 Qf5+ 0-1

[Event "Andorra op 34th"]
[Site "Escaldes"]
[Date "2016.08.11"]
[Round "9"]
[White "Jerez Perez, Alfonso"]
[Black "Aubry, Yannis"]
[Result "1-0"]
[WhiteElo "2386"]
[BlackElo "2269"]
[PlyCount "79"]
[EventDate "2016.08.03"]
[EventType "swiss"]
[EventRounds "9"]
[EventCountry "AND"]
[SourceTitle "CBM 173 Extra"]
[Source "ChessBase"]
[SourceDate "2016.08.29"]
[SourceVersion "1"]
[SourceVersionDate "2016.08.29"]
[SourceQuality "1"]

1. Nf3 Nf6 2. g3 g6 3. Bg2 Bg7 4. c4 0-0 5. 0-0 d6 6. d4 Nc6 7. Nc3 a6 8. Nd5 Nd7 9. e4 b5 10. Be3 bxc4 11. Qa4 Bb7 12. Qxc4 e6 13. Nc3 Na5 14. Qe2 d5 15. exd5 exd5 16. Rac1 Nb6 17. b3 Nc6 18. Qd2 Re8 19. Ne2 Ne7 20. Bf4 c6 21. Rfe1 a5 22. Ne5 f6 23. Nd3 g5 24. Nc5 Bc8 25. Be3 Nf5 26. Nc3 Ra7 27. Qd3 Nxe3 28. Rxe3 Rxe3 29. Qxe3 Re7 30. Qd2 f5 31. N3a4 Nxa4 32. Nxa4 Qe8 33. Nc5 h6 34. Bf1 Qf8 35. Rd1 Qd8 36. Qc3 f4 37. Nd3 Bg4 38. Rc1 Bd7 39. Ne5 Bxe5 40. dxe5 1-0

[Event "Andorra op 34th"]
[Site "Escaldes"]
[Date "2016.08.08"]
[Round "6"]
[White "Aubry, Yannis"]
[Black "Pein, Malcolm"]
[Result "0-1"]
[WhiteElo "2269"]
[BlackElo "2357"]
[PlyCount "38"]
[EventDate "2016.08.03"]
[EventType "swiss"]
[EventRounds "9"]
[EventCountry "AND"]
[SourceTitle "CBM 173 Extra"]
[Source "ChessBase"]
[SourceDate "2016.08.29"]
[SourceVersion "1"]
[SourceVersionDate "2016.08.29"]
[SourceQuality "1"]

1. d4 Nf6 2. c4 g6 3. f3 Bg7 4. e4 0-0 5. Nc3 d6 6. Nge2 Nc6 7. Be3 a6 8. Qd2 Bd7 9. d5 Na5 10. Ng3 b5 11. c5 dxc5 12. Bxc5 c6 13. dxc6 Nxc6 14. Be2 Qa5 15. Rc1 Be6 16. a3 Rfd8 17. Qe3 Nd7 18. b4 Qxa3 19. Nd5 Qb2 0-1

[Event "Andorra op 34th"]
[Site "Escaldes"]
[Date "2016.08.03"]
[Round "1"]
[White "Perche, Louis"]
[Black "Aubry, Yannis"]
[Result "0-1"]
[WhiteElo "1803"]
[BlackElo "2269"]
[PlyCount "56"]
[EventDate "2016.08.03"]
[EventType "swiss"]
[EventRounds "9"]
[EventCountry "AND"]
[SourceTitle "CBM 173 Extra"]
[Source "ChessBase"]
[SourceDate "2016.08.29"]
[SourceVersion "1"]
[SourceVersionDate "2016.08.29"]
[SourceQuality "1"]

1. e4 c5 2. Nf3 e6 3. d4 cxd4 4. Nxd4 Nf6 5. Nc3 Nc6 6. Be3 Bb4 7. Bd3 d5 8. Bb5 Bd7 9. Bxc6 bxc6 10. e5 Ne4 11. Nde2 0-0 12. 0-0 Nxc3 13. Nxc3 Be7 14. Na4 Qa5 15. Qd4 Rfb8 16. b3 Rb5 17. Bd2 c5 18. Qd3 Qc7 19. Nc3 Rb7 20. Rfe1 c4 21. Qg3 Rc8 22. Rac1 Kh8 23. Ne2 Ba3 24. Rb1 cxb3 25. Rxb3 Rxb3 26. Qxb3 Qxc2 27. Qxa3 Qxd2 28. Kf1 Bb5 0-1

[Event "Sautron op 15th"]
[Site "Sautron"]
[Date "2015.10.24"]
[Round "2.3"]
[White "Libiszewski, Fabien"]
[Black "Aubry, Yannis"]
[Result "1-0"]
[WhiteElo "2523"]
[BlackElo "2240"]
[PlyCount "74"]
[EventDate "2015.10.24"]
[EventType "swiss"]
[EventRounds "9"]
[EventCountry "FRA"]
[SourceTitle "EXT 2019"]
[Source "ChessBase"]
[SourceDate "2018.10.10"]
[SourceVersion "1"]
[SourceVersionDate "2018.10.10"]
[SourceQuality "1"]

1. e4 e6 2. d4 d5 3. Nc3 Bb4 4. exd5 exd5 5. Bd3 Nc6 6. a3 Bxc3+ 7. bxc3 Nce7 8. Ne2 Nf6 9. 0-0 Bf5 10. Ng3 Bg6 11. f4 Bxd3 12. cxd3 h5 13. Re1 Qd7 14. Qe2 Kd8 15. a4 h4 16. Nf1 Ng6 17. Qb2 Rb8 18. Qb5 Rh5 19. Ra2 a6 20. Qb4 Ne8 21. Rf2 Nd6 22. Ne3 f6 23. Qb3 Ne7 24. Ba3 b5 25. Rfe2 Rb6 26. a5 Rb7 27. Bc5 Nc6 28. Nxd5 Qf7 29. Bxd6 Qxd5 30. Qxd5 Rxd5 31. Bc5 Kc8 32. Re6 Kd7 33. c4 Rxd4 34. Rxc6 Rxc4 35. dxc4 Kxc6 36. Bf8 bxc4 37. Bxg7 Kd5 1-0

[Event "Sautron op 14th"]
[Site "Sautron"]
[Date "2014.10.26"]
[Round "3"]
[White "Aubry, Yannis"]
[Black "Le Corre, Patrick"]
[Result "1-0"]
[WhiteElo "2211"]
[BlackElo "1905"]
[PlyCount "53"]
[EventDate "2014.10.26"]
[EventType "swiss"]
[EventRounds "9"]
[EventCountry "FRA"]
[SourceTitle "EXT 2016"]
[Source "ChessBase"]
[SourceDate "2015.10.08"]
[SourceVersion "1"]
[SourceVersionDate "2015.10.08"]
[SourceQuality "1"]

1. c4 Nf6 2. Nc3 d5 3. cxd5 Nxd5 4. Nf3 g6 5. e4 Nxc3 6. dxc3 Qxd1+ 7. Kxd1 Bg4 8. Be3 Bg7 9. Kc2 Nc6 10. Bb5 Bd7 11. a4 a6 12. Be2 h6 13. Nd2 e5 14. Nb3 Rd8 15. Nc5 Bc8 16. b4 a5 17. Bb5 Rd6 18. bxa5 0-0 19. Nb3 Rfd8 20. Bc5 Be6 21. Bxd6 Rxd6 22. Rhd1 Bxb3+ 23. Kxb3 Nxa5+ 24. Kb4 b6 25. Rxd6 cxd6 26. Bc4 Bf6 27. Bd5 1-0

[Event "Sautron op 14th"]
[Site "Sautron"]
[Date "2014.10.26"]
[Round "5"]
[White "Giraud, Thierry"]
[Black "Aubry, Yannis"]
[Result "0-1"]
[WhiteElo "1837"]
[BlackElo "2211"]
[PlyCount "56"]
[EventDate "2014.10.26"]
[EventType "swiss"]
[EventRounds "9"]
[EventCountry "FRA"]
[SourceTitle "EXT 2016"]
[Source "ChessBase"]
[SourceDate "2015.10.08"]
[SourceVersion "1"]
[SourceVersionDate "2015.10.08"]
[SourceQuality "1"]

1. d4 d6 2. Nf3 g6 3. e4 Nf6 4. Bd3 Bg7 5. Nc3 0-0 6. h3 a6 7. Bf4 Nc6 8. Qd2 e5 9. dxe5 dxe5 10. Bh6 Be6 11. Bxg7 Kxg7 12. 0-0-0 b5 13. Kb1 Qe7 14. g4 Rfd8 15. Qe3 Rac8 16. Ng5 Nd4 17. Nxe6+ Nxe6 18. Ne2 Qc5 19. Qxc5 Nxc5 20. f3 Ne6 21. c3 c5 22. Bc2 h5 23. Rxd8 Rxd8 24. Rd1 Rxd1+ 25. Bxd1 h4 26. Kc1 Nh7 27. Kd2 Nhg5 28. Ng1 Nf4 0-1

[Event "Sautron op 14th"]
[Site "Sautron"]
[Date "2014.10.26"]
[Round "2"]
[White "Ider, Borya"]
[Black "Aubry, Yannis"]
[Result "1-0"]
[WhiteElo "2394"]
[BlackElo "2211"]
[PlyCount "130"]
[EventDate "2014.10.26"]
[EventType "swiss"]
[EventRounds "9"]
[EventCountry "FRA"]
[SourceTitle "EXT 2015"]
[Source "ChessBase"]
[SourceDate "2014.11.20"]
[SourceVersion "1"]
[SourceVersionDate "2014.11.20"]
[SourceQuality "1"]

1. d4 Nf6 2. c4 e6 3. Nf3 d5 4. g3 Be7 5. Bg2 0-0 6. 0-0 dxc4 7. Ne5 Nc6 8. Bxc6 bxc6 9. Nxc6 Qe8 10. Nxe7+ Qxe7 11. Qa4 e5 12. dxe5 Qxe5 13. Qxc4 Be6 14. Qd3 Ng4 15. Nc3 Rad8 16. Qb5 c5 17. Qc6 Qh5 18. Qh1 Rd4 19. Bf4 Nf6 20. Be3 Rb4 21. Rab1 Rc8 22. a3 Rb3 23. Rfd1 h6 24. Rd2 Qe5 25. Rbd1 Qb8 26. Bf4 Qb6 27. Rd6 Qa5 28. Bc1 c4 29. Qf3 Rbb8 30. Qf4 Ne8 31. R6d4 Nc7 32. Ne4 Nb5 33. Qe5 Qc7 34. Qxc7 Nxc7 35. Bf4 Nb5 36. Bxb8 Nxd4 37. Rxd4 Rxb8 38. Rd2 Kf8 39. f3 Ke7 40. Kf2 g5 41. Nc3 h5 42. h4 gxh4 43. gxh4 a6 44. Ne4 Rb5 45. Ke3 Re5 46. a4 c3 47. bxc3 f5 48. Kf4 Ra5 49. Ng3 Rxa4+ 50. Kg5 Ra5 51. Nxh5 Rc5 52. Ng7 Rxc3 53. Nxf5+ Kf7 54. Nd6+ Kg7 55. Ne4 Rc1 56. Rd6 Rg1+ 57. Kf4 Bc4 58. Ng3 Kf7 59. h5 a5 60. h6 a4 61. Rd7+ Kg8 62. Ra7 Ra1 63. e4 a3 64. h7+ Kh8 65. Kg5 Rb1 1-0

[Event "Barcelona Sants op 16th"]
[Site "Barcelona"]
[Date "2014.08.28"]
[Round "7"]
[White "Aubry, Yannis"]
[Black "Bernat, Ernest"]
[Result "1-0"]
[WhiteElo "2251"]
[BlackElo "2054"]
[PlyCount "87"]
[EventDate "2014.08.22"]
[EventType "swiss"]
[EventRounds "10"]
[EventCountry "ESP"]
[SourceTitle "CBM 162 Extra"]
[Source "ChessBase"]
[SourceDate "2014.10.17"]
[SourceVersion "1"]
[SourceVersionDate "2014.10.17"]
[SourceQuality "1"]

1. c4 Nf6 2. Nc3 c6 3. e4 e5 4. Nf3 d6 5. d4 Nbd7 6. Be2 Be7 7. 0-0 0-0 8. h3 Re8 9. d5 c5 10. a3 Rf8 11. b4 Ne8 12. Rb1 b6 13. Qc2 Kh8 14. Bd3 Rg8 15. Nd1 g6 16. Ne3 Nef6 17. g4 Rf8 18. Nh2 Ng8 19. Bb2 Bf6 20. Kh1 h6 21. Bc3 Kh7 22. Rg1 Bg5 23. Ng2 Bf6 24. Nf3 Be7 25. Kh2 g5 26. Ne3 Re8 27. Qa4 Nf8 28. bxc5 bxc5 29. Ba5 Qd7 30. Qc6 Qxc6 31. dxc6 Ne6 32. Nd5 Bd8 33. Bxd8 Rxd8 34. Rb5 Ba6 35. Ra5 Bc8 36. Rb1 Rf8 37. Nb6 Rb8 38. Rxa7 Kg7 39. Rb5 Nf6 40. c7 Rb7 41. Nxc8 Rxb5 42. cxb5 Rxc8 43. b6 Nd7 44. Ba6 1-0

[Event "Avoine op 29th"]
[Site "Avoine"]
[Date "2014.07.25"]
[Round "7"]
[White "Petre, Nad Titus"]
[Black "Aubry, Yannis"]
[Result "0-1"]
[WhiteElo "2371"]
[BlackElo "2255"]
[PlyCount "94"]
[EventDate "2014.07.19"]
[EventType "swiss"]
[EventRounds "9"]
[EventCountry "FRA"]
[SourceTitle "CBM 161 Extra"]
[Source "ChessBase"]
[SourceDate "2014.08.29"]
[SourceVersion "1"]
[SourceVersionDate "2014.08.29"]
[SourceQuality "1"]

1. Nf3 Nf6 2. c4 c5 3. g3 d5 4. Bg2 d4 5. b4 cxb4 6. a3 bxa3 7. Bxa3 Nc6 8. d3 g6 9. Nbd2 Bg7 10. 0-0 Rb8 11. Nb3 b6 12. Bb2 Nh5 13. Ne1 Bb7 14. Nc2 Qd7 15. Qd2 0-0 16. Rfb1 Rfd8 17. Qe1 Qc7 18. Qf1 e5 19. Nd2 h6 20. Ba3 a5 21. Bc1 Bf8 22. Nf3 Kh7 23. Bd2 Nf6 24. Qc1 Ba8 25. Ra2 Nd7 26. Nh4 Nc5 27. Qf1 Be7 28. Nf3 e4 29. Nfe1 Ne5 30. Bf4 g5 31. Bxe5 Qxe5 32. Na1 f5 33. Nb3 Nxb3 34. Rxb3 Bc5 35. Rb1 Rf8 36. Kh1 Rbd8 37. f3 Rde8 38. Rab2 Kg7 39. Qf2 Kh7 40. Qg1 e3 41. Nc2 f4 42. Bh3 g4 43. Bxg4 Rg8 44. Bh3 fxg3 45. hxg3 Rxg3 46. Qh2 Reg8 47. Rf1 Bd6 0-1

[Event "Rennes op 7th"]
[Site "Rennes"]
[Date "2014.07.09"]
[Round "6"]
[White "Aubry, Yannis"]
[Black "Prioul, Jean"]
[Result "1-0"]
[WhiteElo "2255"]
[BlackElo "1960"]
[PlyCount "77"]
[EventDate "2014.07.05"]
[EventType "swiss"]
[EventRounds "9"]
[EventCountry "FRA"]
[SourceTitle "CBM 161 Extra"]
[Source "ChessBase"]
[SourceDate "2014.08.29"]
[SourceVersion "1"]
[SourceVersionDate "2014.08.29"]
[SourceQuality "1"]

1. d4 Nf6 2. c4 g6 3. g3 Bg7 4. Bg2 d6 5. Nf3 0-0 6. 0-0 Nc6 7. Nc3 Bd7 8. h3 a6 9. e4 e5 10. dxe5 Nxe5 11. Nxe5 dxe5 12. Be3 Be6 13. Qe2 Qc8 14. Kh2 Re8 15. c5 a5 16. b3 Nd7 17. Na4 Nb8 18. Rad1 Nc6 19. f4 Rd8 20. Rxd8+ Nxd8 21. f5 gxf5 22. Qh5 f6 23. exf5 Bf7 24. Qh4 Nc6 25. g4 Qd8 26. g5 Qd3 27. Re1 Nd4 28. gxf6 Bf8 29. Be4 Qa6 30. c6 bxc6 31. Bh6 Kh8 32. Bg7+ Bxg7 33. fxg7+ Kg8 34. Nc5 Qc8 35. Rf1 Qd8 36. f6 h5 37. Qg5 Nf3+ 38. Rxf3 Qd2+ 39. Qxd2 1-0

[Event "FRA-ch U20"]
[Site "Montbeliard"]
[Date "2014.04.24"]
[Round "6"]
[White "Eden, James"]
[Black "Aubry, Yannis"]
[Result "1/2-1/2"]
[WhiteElo "2196"]
[BlackElo "2218"]
[PlyCount "147"]
[EventDate "2014.04.20"]
[EventType "swiss"]
[EventRounds "9"]
[EventCountry "FRA"]
[SourceTitle "CBM 160 Extra"]
[Source "ChessBase"]
[SourceDate "2014.07.01"]
[SourceVersion "1"]
[SourceVersionDate "2014.07.01"]
[SourceQuality "1"]

1. d4 d6 2. c4 e5 3. Nc3 exd4 4. Qxd4 Nc6 5. Qd2 Nf6 6. b3 a5 7. Bb2 a4 8. Rd1 axb3 9. axb3 g6 10. g3 Bg7 11. Bg2 0-0 12. Nh3 Bf5 13. 0-0 Re8 14. Rfe1 Nd7 15. Na4 Nde5 16. Qc3 Bf6 17. Nf4 Nd7 18. Qc1 Bxb2 19. Qxb2 Qf6 20. Qd2 Qg7 21. Nd5 Rac8 22. Nac3 Nc5 23. e4 Bg4 24. f3 Be6 25. b4 Bxd5 26. Nxd5 Ne6 27. Bh3 Ne5 28. Qc3 c6 29. Nb6 Ng5 30. Kg2 Rcd8 31. f4 Nxh3 32. Kxh3 Nd7 33. Qxg7+ Kxg7 34. Na4 Nf6 35. Nc3 Kf8 36. Kg2 Ra8 37. Rxd6 Ra3 38. Rxf6 Rxc3 39. e5 Rxc4 40. b5 c5 41. e6 Re7 42. Rd1 Re4 43. Rd8+ Kg7 44. exf7 Rxf7 45. Rxf7+ Kxf7 46. Rc8 b6 47. Rb8 Re6 48. Rb7+ Ke8 49. Rxh7 Kd8 50. Ra7 Re2+ 51. Kf3 Rb2 52. Rg7 Rxb5 53. Rxg6 c4 54. Ke3 Rb3+ 55. Kd2 b5 56. h4 b4 57. Rc6 Rb2+ 58. Kc1 c3 59. h5 Rg2 60. Rc4 Rxg3 61. Rxb4 Rh3 62. Rb5 Rh4 63. Rf5 Rh2 64. Re5 Rh4 65. Rf5 Rh2 66. Re5 Rh4 67. Kc2 Rxf4 68. Kxc3 Rh4 69. Kd3 Kd7 70. Ke3 Kd6 71. Ra5 Ke6 72. Kf3 Kf6 73. Kg3 Rh1 74. Kg4 1/2-1/2

[Event "FRA-chT U20"]
[Site "Limoges"]
[Date "2014.03.16"]
[Round "3"]
[White "Micottis, Dorian"]
[Black "Aubry, Yannis"]
[Result "0-1"]
[WhiteElo "2060"]
[BlackElo "2231"]
[PlyCount "68"]
[EventDate "2014.03.15"]
[EventType "team-match"]
[EventRounds "3"]
[EventCountry "FRA"]
[SourceTitle "EXT 2015"]
[Source "ChessBase"]
[SourceDate "2014.11.20"]
[SourceVersion "1"]
[SourceVersionDate "2014.11.20"]
[SourceQuality "1"]
[WhiteTeam "Metz Fischer"]
[BlackTeam "Sautron"]
[WhiteTeamCountry "FRA"]
[BlackTeamCountry "FRA"]

1. e4 e6 2. d4 d5 3. Nd2 Nf6 4. e5 Nfd7 5. c3 c5 6. Bd3 Nc6 7. Ne2 cxd4 8. cxd4 f6 9. exf6 Nxf6 10. Nf3 Bd6 11. 0-0 Qc7 12. Bg5 0-0 13. Bh4 Nh5 14. Qc2 h6 15. Bh7+ Kh8 16. Bg6 Rxf3 17. Bxh5 Rf5 18. Bg6 Bxh2+ 19. Kh1 Bd6 20. Bxf5 exf5 21. Rae1 Qf7 22. Kg1 Bd7 23. f3 Qh5 24. g3 g5 25. Bxg5 Qxg5 26. f4 Qg4 27. Kg2 Re8 28. a3 Re4 29. Qd2 Bc7 30. Rh1 Qg7 31. b4 Nxd4 32. Nxd4 Bxf4 33. Qc3 Rxd4 34. Re7 Rd2+ 0-1

[Event "EU-Cup 29th"]
[Site "Rhodes"]
[Date "2013.10.26"]
[Round "7.4"]
[White "Aubry, Yannis"]
[Black "Sandalakis, Angelos"]
[Result "0-1"]
[WhiteElo "2184"]
[BlackElo "2394"]
[PlyCount "106"]
[EventDate "2013.10.20"]
[EventType "team-swiss"]
[EventRounds "7"]
[EventCountry "GRE"]
[SourceTitle "CBM 157"]
[Source "ChessBase"]
[SourceDate "2013.11.12"]
[SourceVersion "1"]
[SourceVersionDate "2013.11.12"]
[SourceQuality "1"]
[WhiteTeam "Sautron"]
[BlackTeam "Peristeriou"]
[WhiteTeamCountry "FRA"]
[BlackTeamCountry "GRE"]

1. c4 e6 2. Nc3 d5 3. d4 Nf6 4. cxd5 exd5 5. Bf4 Bd6 6. Bxd6 Qxd6 7. e3 0-0 8. Bd3 Nbd7 9. Qf3 c5 10. Nge2 cxd4 11. exd4 Nb6 12. 0-0 Rd8 13. Rac1 Bg4 14. Qf4 Bxe2 15. Qxd6 Rxd6 16. Nxe2 Kf8 17. Rc7 Rb8 18. Rfc1 g6 19. b3 Rd7 20. a4 Rxc7 21. Rxc7 Na8 22. Rc5 Ke7 23. Nc3 Rd8 24. f3 h5 25. h4 a6 26. b4 Kd6 27. b5 Nc7 28. bxa6 bxa6 29. Ra5 Ra8 30. Kf2 Nd7 31. g4 hxg4 32. fxg4 Rh8 33. Kg3 Kc6 34. Nxd5 Nxd5 35. Rxa6+ Kc7 36. Bc4 N7f6 37. Ra7+ Kb8 38. Rxf7 Ne4+ 39. Kg2 Ne3+ 40. Kf3 Nxc4 41. Rg7 Ncd2+ 42. Kf4 Rf8+ 43. Ke5 Nc3 44. Rxg6 Nf3+ 45. Ke6 Nxh4 46. Rh6 Nf3 47. d5 Ng5+ 48. Ke7 Rf7+ 49. Kd6 Nce4+ 50. Kc6 Rc7+ 51. Kb6 Nf7 52. Rg6 Rb7+ 53. Ka5 Nfd6 0-1

[Event "EU-Cup 29th"]
[Site "Rhodes"]
[Date "2013.10.24"]
[Round "5.4"]
[White "Aubry, Yannis"]
[Black "Oberweis, Paul"]
[Result "1-0"]
[WhiteElo "2184"]
[BlackElo "2052"]
[PlyCount "113"]
[EventDate "2013.10.20"]
[EventType "team-swiss"]
[EventRounds "7"]
[EventCountry "GRE"]
[SourceTitle "CBM 157"]
[Source "ChessBase"]
[SourceDate "2013.11.12"]
[SourceVersion "1"]
[SourceVersionDate "2013.11.12"]
[SourceQuality "1"]
[WhiteTeam "Sautron"]
[BlackTeam "Echternach Sprenger"]
[WhiteTeamCountry "FRA"]
[BlackTeamCountry "LUX"]

1. c4 g6 2. Nc3 Bg7 3. g3 d6 4. Bg2 e5 5. e4 Nc6 6. Nge2 Nge7 7. 0-0 0-0 8. d3 Be6 9. Nd5 Qd7 10. f4 Bg4 11. Ne3 Bxe2 12. Qxe2 exf4 13. Rxf4 Rae8 14. Rb1 Nd4 15. Qd1 c6 16. Bd2 f5 17. Bc3 Ne6 18. Bxg7 Kxg7 19. Rf1 f4 20. Nc2 fxg3 21. hxg3 Ng5 22. Ne3 Rxf1+ 23. Qxf1 Rf8 24. Qe2 Nh3+ 25. Kh2 Rf2 26. Qg4 Qxg4 27. Nxg4 Re2 28. Kxh3 h5 29. Nh2 g5 30. Bf3 g4+ 31. Nxg4 hxg4+ 32. Bxg4 Rd2 33. b3 Rxd3 34. Rd1 Rxd1 35. Bxd1 Ng6 36. Kg4 Kf6 37. Kh5 c5 38. Bg4 b6 39. Be6 Ne5 40. Bd5 a5 41. Kh6 Ng4+ 42. Kh7 Ne5 43. Kg8 Nd3 44. Kf8 Nc1 45. a4 Nxb3 46. Ke8 Nd4 47. Kd7 Ke5 48. Kc7 Ne2 49. g4 Nc3 50. g5 Nxa4 51. g6 Kf6 52. Kxd6 Kxg6 53. e5 Nc3 54. e6 Nxd5 55. cxd5 a4 56. e7 Kf7 57. Kd7 1-0

[Event "EU-Cup 29th"]
[Site "Rhodes"]
[Date "2013.10.23"]
[Round "4.4"]
[White "Kniest, Oliver"]
[Black "Aubry, Yannis"]
[Result "1/2-1/2"]
[WhiteElo "2305"]
[BlackElo "2184"]
[PlyCount "90"]
[EventDate "2013.10.20"]
[EventType "team-swiss"]
[EventRounds "7"]
[EventCountry "GRE"]
[SourceTitle "CBM 157"]
[Source "ChessBase"]
[SourceDate "2013.11.12"]
[SourceVersion "1"]
[SourceVersionDate "2013.11.12"]
[SourceQuality "1"]
[WhiteTeam "Solingen"]
[BlackTeam "Sautron"]
[WhiteTeamCountry "GER"]
[BlackTeamCountry "FRA"]

1. d4 Nf6 2. c4 e6 3. Nc3 c5 4. d5 exd5 5. cxd5 d6 6. e4 g6 7. Nge2 Bg7 8. Ng3 a6 9. a4 0-0 10. Be2 Nbd7 11. 0-0 Rb8 12. Bg5 Qb6 13. Qd2 Qb4 14. Qc2 b5 15. Nxb5 Nxe4 16. Nxe4 axb5 17. Bxb5 Nb6 18. Nxd6 Nxd5 19. Nxc8 Rfxc8 20. Rad1 Nb6 21. Be7 Qxb2 22. Qxb2 Bxb2 23. Rb1 Bd4 24. Ba6 Rc6 25. a5 Nd7 26. Rxb8+ Nxb8 27. Bc4 Rc7 28. Bd6 Rb7 29. Re1 Nc6 30. a6 Rb2 31. Bg3 Rb4 32. Bd5 Na7 33. h3 Ra4 34. Bb7 c4 35. Re8+ Kg7 36. Be5+ Bxe5 37. Rxe5 Kf6 38. f4 c3 39. Rc5 Rxf4 40. Rxc3 Ra4 41. Rb3 Ke5 42. Rb6 f5 43. Bf3 Ra2 44. Kf1 Nc8 45. Rb8 Nd6 1/2-1/2

[Event "EU-Cup 29th"]
[Site "Rhodes"]
[Date "2013.10.22"]
[Round "3.4"]
[White "Aubry, Yannis"]
[Black "Vedder, Henk"]
[Result "0-1"]
[WhiteElo "2184"]
[BlackElo "2367"]
[PlyCount "54"]
[EventDate "2013.10.20"]
[EventType "team-swiss"]
[EventRounds "7"]
[EventCountry "GRE"]
[SourceTitle "CBM 157"]
[Source "ChessBase"]
[SourceDate "2013.11.12"]
[SourceVersion "1"]
[SourceVersionDate "2013.11.12"]
[SourceQuality "1"]
[WhiteTeam "Sautron"]
[BlackTeam "En Passant"]
[WhiteTeamCountry "FRA"]
[BlackTeamCountry "NED"]

1. e4 e6 2. d4 d5 3. Nc3 Nf6 4. exd5 exd5 5. Bf4 Be7 6. Bd3 Bg4 7. Nge2 Nc6 8. f3 Be6 9. Qd2 0-0 10. 0-0-0 Nb4 11. g4 Nxd3+ 12. Qxd3 Ne8 13. h4 Nd6 14. Ng3 Qd7 15. Rde1 Nc4 16. Nf5 Bb4 17. Reg1 Rfe8 18. Nd1 Bf8 19. h5 Rec8 20. Nh4 c5 21. g5 cxd4 22. g6 fxg6 23. hxg6 h6 24. Bxh6 gxh6 25. g7 Bxg7 26. Qg6 d3 27. Qxh6 d2+ 0-1